| 000 | 00786nas a22002297a 4500 | ||
|---|---|---|---|
| 001 | K121230 | ||
| 007 | ta | ||
| 008 | 200319b2008 ||||| |||| 00| 0 eng d | ||
| 041 | _aeng | ||
| 100 | _aWilson, Robyn | ||
| 245 | _aAgainst the elements | ||
| 490 |
_aRICS Modus _vMarch 2020, 12-18(7) |
||
| 520 | _aExamines how building design can adapt to tackle the frequency and intensity of climate events due to global warming. It focuses on wind, water, heat and cold. References the RICS report "Changing priorities in investor decision-making: the sustainability agenda." | ||
| 650 | _aGLOBAL WARMING | ||
| 650 | _aENVIROMENT | ||
| 650 | _aWIND | ||
| 650 | _aFLOOD | ||
| 650 | _aWATER | ||
| 650 | _aVALUE THE PLANET | ||
| 651 | _aUnited Kingdom | ||
| 690 |
_96271 _aSustainability |
||
| 999 |
_c121230 _d121230 |
||